000 00359nam a2200133Ia 4500
005 20260328104344.0
008 260328s9999||||xx |||||||||||||| ||und||
100 _aDillon, Kurt
245 0 _aLa Ciudad Jardín y el canal de Panamá; Garden Cities of the Panama Canal /
_cKurt Dillon
260 _bFirst
300 _a48 p.
650 _aPANAMÁ
942 _cBK
999 _c12224
_d12224